| 000 | 00906nam a2200229 a 4500 | ||
|---|---|---|---|
| 001 | 38187 | ||
| 003 | BD-RjUL | ||
| 005 | 20211209052739.0 | ||
| 008 | 141023s2008 bg a|||| m||| 00| e ben d | ||
| 020 | _a9847017100146 | ||
| 035 | _a(BD-RjUL)38292 | ||
| 040 |
_aBD-RjUL _bben _cBD-RjUL _dBD-RjUL |
||
| 041 | _aben | ||
| 082 |
_a891.4409 _bIQB 2008 _223 |
||
| 100 |
_a ইকবাল, শহীদ, _9117018 |
||
| 245 | 1 | 0 |
_aবাংলাদেশের সাহিত্যের ইতিহাস (১৯৪৭-২০০০) / _cশহীদ ইকবাল |
| 260 |
_aঢাকা : _bআলেয়া বুক ডিপো, _c২০০৮ |
||
| 300 |
_a৬৩৯ পৃ. ; _c২২ সেমি. |
||
| 650 |
_aবাংলা সাহিত্য _xইতিহাস ও সমালোচনা _9118060 |
||
| 650 |
_aBengali literature _xHistory and criticism _9117020 |
||
| 942 |
_2ddc _cBK _01 |
||
| 999 |
_c38187 _d38187 |
||